000 00305nam a2200121 a 4500
005 20140414132119.0
008 111123s19uu xx 00 eng d
050 _aER
_bY3 1996
100 _aBlyton, Enid
245 _aThe yellow trumpets.
260 _aGreat Britain :
_bParragon,
_c1996.
999 _c115011
_d115011